[Event "15th Dubai Open 2013"]
[Site "Dubai UAE"]
[Date "2013.04.10"]
[Round "4.16"]
[White "Oleksienko,M"]
[Black "Aravindh,Chithambaram VR."]
[Result "1-0"]
[WhiteElo "2554"]
[BlackElo "2333"]

1.e4 c5 2.Nf3 Nc6 3.Bb5 g6 4.Bxc6 dxc6 5.h3 Bg7 6.d3 b6 7.Nc3 e5 8.Bg5 f6
9.Be3 Nh6 10.O-O Nf7 11.a4 a5 12.Nd2 Be6 13.Ne2 O-O 14.b3 Nd6 15.Nc4 Bxc4
16.bxc4 f5 17.f3 Ra7 18.Rb1 Raf7 19.exf5 gxf5 20.Rb3 f4 21.Bf2 e4 22.dxe4 Nxc4
23.Qd3 Qxd3 24.cxd3 Nd2 25.Rxb6 Nxf1 26.Kxf1 Rd8 27.Bxc5 Rxd3 28.Rb8+ Bf8
29.Nd4 Rd1+ 30.Ke2 Rg1 31.Ne6 Rxg2+ 32.Kd3 Rd7+ 33.Kc3 Kf7 34.Nxf8 Rdd2 35.Rb7+ Kg8
36.Ne6 Rc2+ 37.Kd4 Rg6 38.Ke5 Rxe6+ 39.Kxe6 Rxc5 40.Kf6 h6 41.e5  1-0

[Event "Open Golden Island Krk"]
[Site "Malinska CRO"]
[Date "2013.04.12"]
[Round "9.10"]
[White "Plenca,Jadranko"]
[Black "Bajlo,K"]
[Result "1-0"]
[WhiteElo "2108"]
[BlackElo "2118"]

1.e4 c5 2.Nf3 Nc6 3.Bb5 g6 4.Bxc6 dxc6 5.d3 Bg7 6.O-O Bg4 7.h3 Bxf3 8.Qxf3 Qd7
9.Nc3 e5 10.Bg5 b6 11.a4 a5 12.Qg4 Qxg4 13.hxg4 h5 14.gxh5 Rxh5 15.Bd2 Ne7
16.g3 Kd7 17.Kg2 f5 18.Rh1 Rah8 19.Rxh5 Rxh5 20.Ne2 Ke6 21.Bc3 Nc8 22.exf5+ gxf5
23.Re1 Kd6 24.f4 Rh6 25.Ng1 Re6 26.Nf3 exf4 27.Rxe6+ Kxe6 28.Bxg7 fxg3 29.Kxg3 b5
30.Bc3 c4 31.dxc4 bxa4 32.Bxa5 Nd6 33.Nd2 Nf7 34.Bb4 Ke5 35.b3 axb3 36.Bc3+ Ke6
37.cxb3 Nd6 38.Kf4 Nb7 39.Nf3 Nc5 40.Nd4+ Ke7 41.Kxf5 Nd3 42.Nf3 Nc1 43.b4 Ne2
44.Be1 Nc1 45.Ke4 Nb3 46.Kd3 Nc1+ 47.Kd2 Nb3+ 48.Kc2  1-0

[Event "ch-ISR 2013"]
[Site "Acre ISR"]
[Date "2013.04.13"]
[Round "8.14"]
[White "Shvayger,Y"]
[Black "Axelrod,A"]
[Result "0-1"]
[WhiteElo "2273"]
[BlackElo "2328"]

1.e4 c5 2.Nf3 Nc6 3.Bb5 g6 4.Bxc6 dxc6 5.d3 Bg7 6.Nc3 Nf6 7.Be3 Nd7 8.Qd2 h6
9.O-O e5 10.a4 Qe7 11.a5 Rb8 12.Rfb1 f5 13.exf5 gxf5 14.Re1 Qd6 15.d4 cxd4
16.Bxd4 O-O 17.Bxa7 Qxd2 18.Nxd2 Ra8 19.Bb6 Nxb6 20.axb6 Be6 21.Na4 Rfd8
22.Nf1 Rd5 23.b3 Bf8 24.c4 Rda5 25.Rac1 Kf7 26.Red1 f4 27.f3 Ba3 28.Rc2 Bb4
29.g3 Re8 30.Kf2 Raa8 31.Rcc1 Bf5 32.g4 Bg6 33.Ke2 h5 34.Rd7+ Re7 35.Rxe7+ Kxe7
36.gxh5 Bxh5 37.Nd2 Rg8 38.Nc3 Rg2+ 39.Kd3 Bg6+ 40.Nde4 Rf2 41.c5 Rxf3+ 42.Kc4 Ba3
43.Ng5  0-1

[Event "FSIM April 2013"]
[Site "Budapest HUN"]
[Date "2013.04.13"]
[Round "8.2"]
[White "Kjartansson,G"]
[Black "Wittmann,W"]
[Result "1-0"]
[WhiteElo "2443"]
[BlackElo "2232"]

1.e4 c5 2.Nf3 Nc6 3.Bb5 d6 4.O-O Bd7 5.Re1 Nf6 6.h3 g6 7.c3 Bg7 8.d4 O-O
9.a4 a6 10.Bf1 cxd4 11.cxd4 d5 12.e5 Ne4 13.Qb3 Na5 14.Qxd5 Bc6 15.Qxd8 Rfxd8
16.Ra3 Bd5 17.Bd3 Rac8 18.Nh2 f5 19.f3 Ng3 20.Rc3 Bf8 21.Kf2 Nh5 22.g4 Ng7
23.Be3 Nc6 24.Na3 f4 25.Bxf4 Ne6 26.Be3 Nexd4 27.Rd1 e6 28.Bb1 Bb4 29.f4 Bxc3
30.bxc3 Bb3 31.Rd2 Bxa4 32.cxd4 Ne7 33.Ba2 Nd5 34.Nc4 b5 35.Nd6 Rc3 36.Bxd5 exd5
37.Nb7 Rdc8 38.Nc5 Bb3 39.Nxa6 Bc4 40.Nf3 Ra8 41.Nb4 Raa3 42.Nc2 Ra2 43.Nfe1 Rb2
44.f5 b4 45.e6 gxf5 46.gxf5 Kg7 47.Bg5 Bb5 48.f6+ Kg6 49.f7 Rc8 50.Nxb4 Rxb4
51.Be7  1-0

[Event "4th LUCOPEN 2013"]
[Site "Lille FRA"]
[Date "2013.04.13"]
[Round "1.3"]
[White "Laine,Pan"]
[Black "Zhigalko,A"]
[Result "0-1"]
[WhiteElo "2196"]
[BlackElo "2590"]

1.e4 c5 2.Nf3 Nc6 3.Bb5 Nf6 4.Bxc6 dxc6 5.d3 Bg4 6.Nbd2 Nd7 7.b3 e5 8.Bb2 f6
9.h3 Bh5 10.Qe2 Be7 11.Nf1 Bf7 12.Ne3 Qc7 13.c3 O-O-O 14.O-O-O Rhe8 15.Kb1 Nf8
16.Nf5 Ne6 17.Rhe1 Bf8 18.d4 g6 19.Ng3 Nf4 20.Qf1 b5 21.d5 c4 22.bxc4 bxc4
23.Qxc4 cxd5 24.Qxc7+ Kxc7 25.Rg1 g5 26.Nd2 Bg6 27.Ka1 Re6 28.f3 Ra6 29.exd5 Rxd5  0-1

[Event "FSFMA April 2013"]
[Site "Budapest HUN"]
[Date "2013.04.14"]
[Round "8.2"]
[White "Farkas,R"]
[Black "Juracsik,J"]
[Result "1/2-1/2"]
[WhiteElo "2148"]
[BlackElo "2157"]

1.e4 c5 2.Nf3 Nc6 3.Bb5 g6 4.O-O Bg7 5.Re1 Nf6 6.c3 O-O 7.d4 cxd4 8.cxd4 a6
9.Bf1 d5 10.e5 Ne4 11.Nbd2 Nxd2 12.Bxd2 Qb6 13.Bc3 Bg4 14.h3 Bxf3 15.Qxf3 e6
16.Rad1 Rae8 17.Qd3 f6 18.exf6 Bxf6 19.Be2 Bg7 20.Bf3 Qd8 21.Re2 Qf6 22.Rde1 Re7
23.Rd1  1/2-1/2

[Event "15th Dubai Open 2013"]
[Site "Dubai UAE"]
[Date "2013.04.14"]
[Round "8.8"]
[White "Petrosian,TL"]
[Black "Salem,AR"]
[Result "0-1"]
[WhiteElo "2663"]
[BlackElo "2530"]

1.Nf3 c5 2.e4 Nc6 3.Bb5 e6 4.O-O Nge7 5.Re1 a6 6.Bf1 d5 7.exd5 Qxd5 8.c3 Nf5
9.d4 cxd4 10.g4 Nfe7 11.cxd4 Qd7 12.Nc3 f6 13.d5 exd5 14.Nxd5 Kf7 15.Bg2 h5
16.Qb3 Na5 17.Ng5+ fxg5 18.Qf3+ Kg8 19.Nb6 Qd8 20.Nxa8 Bxg4 21.Qc3 Nec6 22.a3 g6
23.b4 Bg7 24.Qc2 Kh7 25.Bb2 Nd4 26.Bxd4 Bxd4 27.bxa5 Bxa1 28.Rxa1 Qxa8 29.Qc7+ Kh6
30.Bxb7 Qb8 31.Rc1 Qxc7 32.Rxc7 Be2 33.Re7 Rb8 34.Be4 Bc4 35.Rc7 Bb5 36.f3 Rd8
37.h3 g4 38.h4 gxf3 39.Kf2 Rd4 40.Re7 Bd3 41.Bxf3 Rxh4 42.Ke3 Bb5 43.Re6 Kg7
44.Be4 Rg4 45.Rb6 h4 46.Rb7+ Kh6 47.Rb8 Kg5 48.a4 Rg3+ 49.Kd4 Be2 50.Rg8 Bh5
51.Ra8 h3 52.Rxa6 h2 53.Rb6 Ra3 54.Rb1 Kf4 55.Rf1+ Bf3 56.Bxf3 Rxf3 57.Ra1 Ra3
58.Rxa3 h1=Q 59.Rb3 Qc6 60.Rb5 g5 61.Rc5 Qxa4+ 62.Kd5 Qd7+  0-1

[Event "4th LUCOPEN 2013"]
[Site "Lille FRA"]
[Date "2013.04.14"]
[Round "2.43"]
[White "Lemoine,J"]
[Black "Schott,R"]
[Result "0-1"]
[WhiteElo "1603"]
[BlackElo "1973"]

1.e4 c5 2.Nf3 Nc6 3.Bb5 e6 4.O-O Nge7 5.Re1 Ng6 6.d4 cxd4 7.Nxd4 Be7 8.Nc3 O-O
9.Nxc6 bxc6 10.Ba4 Qc7 11.Qh5 d5 12.e5 Rd8 13.Bg5 Bb7 14.Rad1 a6 15.Rd3 Bxg5
16.Qxg5 h6 17.Qg3 c5 18.h4 d4 19.h5 dxc3 20.hxg6 Rxd3 21.gxf7+ Qxf7 22.Qxd3 cxb2
23.Rb1 Qf4 24.Rxb2 Qc1+ 25.Kh2 Qxb2 26.Qd1 Qxe5+ 27.Kg1  0-1

[Event "ch-LAT 2013"]
[Site "Riga LAT"]
[Date "2013.04.14"]
[Round "3.7"]
[White "Bernotas,A"]
[Black "Rasa,Gints"]
[Result "1-0"]
[WhiteElo "2268"]
[BlackElo "2085"]

1.e4 c5 2.Nf3 Nc6 3.Bb5 g6 4.O-O Bg7 5.Re1 e5 6.Bxc6 dxc6 7.d3 Ne7 8.Be3 b6
9.Qc1 O-O 10.a3 Qc7 11.Bh6 f6 12.Bxg7 Kxg7 13.Nc3 Be6 14.Qe3 Rfd8 15.Nd2 Rd4
16.Ne2 Rd7 17.f4 Bf7 18.Nf3 exf4 19.Nxf4 g5 20.Ne2 Ng6 21.Ng3 Ne5 22.Rf1 Bg6
23.Nd2 Qd6 24.Nf5+ Bxf5 25.Rxf5 Qd4 26.Qxd4 cxd4 27.a4 a5 28.Nf1 Kg6 29.h3 h5
30.Nd2 h4 31.Raf1 Rd6 32.Kf2 Re8 33.Ke2 Rb8 34.b3 Rb7 35.R1f2 Re7 36.Rf1 c5
37.R1f2 Ree6 38.Kf1 Re7 39.Kg1 Re8 40.Kh2 Rh8 41.g3 g4 42.Nc4 hxg3+ 43.Kxg3 Rxh3+
44.Kf4 Nxc4 45.bxc4 Rh1 46.Kxg4 Rg1+ 47.Kf4 Re6 48.Rd5 Rc6 49.Rd7 Re6 50.Rb7 Rd6
51.Rh2 Rf1+ 52.Kg4 Rg1+ 53.Kf3 Rf1+ 54.Ke2 Rg1 55.Rhh7  1-0

[Event "7th Agzamov Memorial"]
[Site "Tashkent UZB"]
[Date "2013.04.14"]
[Round "1"]
[White "Egin,V"]
[Black "Khudoykulov,Nuriddin"]
[Result "1-0"]
[WhiteElo "2416"]
[BlackElo "1982"]

1.e4 c5 2.Nf3 Nc6 3.Bb5 e6 4.O-O Nge7 5.Re1 a6 6.Bxc6 Nxc6 7.d4 cxd4 8.Nxd4 Bc5
9.Be3 Qb6 10.Nb3 Bxe3 11.Rxe3 Ne5 12.N1d2 O-O 13.Qh5 Ng6 14.Nc4 Qc7 15.Qc5 Qxc5
16.Nxc5 b5 17.Nd6 Rd8 18.a4 b4 19.a5 Ne7 20.c3 bxc3 21.Rxc3 f5 22.Rac1 fxe4
23.Ncxe4 Nc6 24.b4 Rb8 25.Nc4 Ne7  1-0

[Event "4th LUCOPEN 2013"]
[Site "Lille FRA"]
[Date "2013.04.15"]
[Round "3.20"]
[White "Schoorl,R"]
[Black "Goettelmann,G"]
[Result "1-0"]
[WhiteElo "2326"]
[BlackElo "2061"]

1.e4 c5 2.Nf3 Nc6 3.Bb5 d6 4.O-O Bd7 5.c3 Nf6 6.Re1 a6 7.Bf1 Bg4 8.h3 Bh5
9.d3 e6 10.Nbd2 Be7 11.g4 Bg6 12.Nh2 h5 13.g5 Nd7 14.h4 Qc7 15.Bh3 O-O-O
16.Ndf1 Kb8 17.Bf4 Nf8 18.Bg3 f6 19.f4 fxg5 20.fxg5 e5 21.Ne3 Bf7 22.Nd5 Qa5
23.a3 c4 24.dxc4 Qc5+ 25.Bf2 Qxc4 26.Bf1  1-0

[Event "35th Italian Seniors"]
[Site "Arco ITA"]
[Date "2013.04.16"]
[Round "5.10"]
[White "Beltrami,N"]
[Black "Giani,F"]
[Result "1-0"]
[WhiteElo "1907"]
[BlackElo "1934"]

1.e4 c5 2.Nf3 Nc6 3.Bb5 d6 4.O-O Bd7 5.c3 a6 6.Ba4 Nf6 7.Re1 b5 8.Bc2 e5
9.h3 Be7 10.a4 O-O 11.d4 cxd4 12.cxd4 exd4 13.Nxd4 Nxd4 14.Qxd4 bxa4 15.Bxa4 Ne8
16.Nc3 Bxa4 17.Rxa4 Bf6 18.Qd3 Nc7 19.Be3 Re8 20.Rea1 h6 21.g3 Rb8 22.R1a2 Qd7
23.Kg2 Rb3 24.Bd4 Bxd4 25.Qxd4 Reb8 26.Qd2 Qc6 27.Nd5 Nxd5 28.exd5 Qb5 29.Rxa6 Rd3
30.Qa5 Qxd5+ 31.Qxd5 Rxd5 32.Ra8 Rb5 33.Rxb8+ Rxb8 34.Kf3 g6 35.Ke4 Rb5 36.Kd4 Kg7
37.Kc4 Rc5+ 38.Kd4 Rb5 39.Kc3 Rh5 40.h4 Rc5+ 41.Kb3 Rf5 42.f4 g5 43.hxg5 hxg5
44.Ra4 g4 45.Rd4 Rb5+ 46.Kc3 Rb6 47.b4 f5 48.Rd5 Kf6 49.b5 Ke6 50.Kc4 Rb8
51.Rd3 Rc8+ 52.Kd4 Rc5 53.Re3+ Kf6 54.Rb3 Ke6 55.b6 Rc8 56.b7 Rb8 57.Rb5 Kd7
58.Kd5 Kc7 59.Rb3 Kd7 60.Rb4 Kc7 61.Ke6 Kc6 62.Kxf5 Kc5 63.Rb1 d5 64.Kxg4 d4
65.Kf3 Kc4 66.Ke2 Kc3 67.Rb6 d3+ 68.Ke3 Re8+ 69.Kf3 Rb8 70.Rc6+ Kd2 71.Rc7 Kd1
72.Kf2 d2 73.f5 Re8 74.f6 Re2+ 75.Kf3 Ke1 76.Rd7 Re8 77.f7 Rf8 78.Ke3 Rxf7
79.Rxd2 Rxb7 80.Ra2 Re7+ 81.Kf4 Rf7+ 82.Kg4 Rg7+ 83.Kf3 Rf7+ 84.Kg2 Rg7 85.Ra4 Ke2
86.Re4+ Kd3 87.Rf4 Ke3 88.Ra4 Rg8 89.g4 Rg7 90.Kg3 Rg8 91.Rb4 Rg7 92.Kh4 Kf3
93.Kh5 Rh7+ 94.Kg6 Rh8 95.g5 Rg8+ 96.Kh6 Rh8+ 97.Kg7 Rc8 98.g6 Rc7+ 99.Kh8 Rc8+
100.Kh7 Rc5 101.Rh4 Kg3 102.Rh1 Kg4 103.g7  1-0

[Event "7th Agzamov Memorial"]
[Site "Tashkent UZB"]
[Date "2013.04.16"]
[Round "3"]
[White "Artemenko,O"]
[Black "Zubarev,Al1"]
[Result "0-1"]
[WhiteElo "2236"]
[BlackElo "2568"]

1.e4 c5 2.Nf3 Nc6 3.Bb5 g6 4.O-O Bg7 5.Re1 e5 6.Bxc6 dxc6 7.d3 Qe7 8.a3 Nf6
9.b4 O-O 10.bxc5 Nd7 11.a4 Nxc5 12.Ba3 Be6 13.a5 b6 14.Nc3 b5 15.Qd2 Rfb8
16.Bb4 Rd8 17.Qe3 Rd4 18.Nxd4 exd4 19.Qg3 Rd8 20.Ne2 a6 21.c3 dxc3 22.Qe3 Rxd3
23.Qxc5 Qxc5 24.Bxc5 c2 25.Nf4 Rc3 26.Bd6 c5 27.Nd5 Bxd5 28.exd5 h5 29.Kf1 b4
30.Ke2 b3 31.Kd2 c4 32.Rac1 Rd3+ 33.Ke2 Rxd5 34.Bb4 Bh6 35.Bc3 Rd3 36.Be5 Bxc1
37.Rxc1 f5 38.f3 Kf7 39.Re1 Ke6 40.Bb2 Kd5 41.Bf6 Kc5 42.Ra1 Kb5 43.Bg7 f4
44.h3 h4 45.Bf6 Re3+ 46.Kd2 Kb4  0-1

[Event "ch-ESP University 2013"]
[Site "Badajoz ESP"]
[Date "2013.04.17"]
[Round "3.7"]
[White "Jimenez Lopez,A"]
[Black "Antoli Royo,J"]
[Result "0-1"]
[WhiteElo "2123"]
[BlackElo "2414"]

1.e4 c5 2.Nf3 Nc6 3.Bb5 e6 4.Bxc6 bxc6 5.d3 Qc7 6.O-O e5 7.Nbd2 Nf6 8.Re1 Be7
9.Nc4 d6 10.Nh4 g6 11.f4 exf4 12.e5 dxe5 13.Nf3 O-O 14.Nfxe5 Nd5 15.Bd2 a5
16.Rf1 Bg5 17.Qe1 Re8 18.Qf2 Rxe5 19.Nxe5 Qxe5 20.Rae1 Qd4 21.Re8+ Kg7 22.Bc3 Nxc3
23.bxc3 Qxc3 24.h4 Bf6 25.Qxf4 Qd4+ 26.Qxd4 cxd4 27.g3 a4 28.Rb1 c5 29.Rb5 Bd7
30.Ra5 Bxe8 31.Rxa8 Kf8 32.Kf2 Be7 33.Kf3 f5 34.g4 fxg4+ 35.Kxg4 Kf7 36.Ra7 Ke6
37.Ra6+ Kf7 38.Ra7 h6 39.h5 Ke6 40.hxg6 Bxg6 41.Rxa4 h5+ 42.Kh3 Bf5+ 43.Kg2 h4
44.Ra8 h3+ 45.Kh1 Bg4 46.Rh8 Bd6 47.a4 Bf3+ 48.Kg1 h2+  0-1

[Event "ch-LAT 2013"]
[Site "Riga LAT"]
[Date "2013.04.17"]
[Round "6.10"]
[White "Krustkalns,K"]
[Black "Rasa,Gints"]
[Result "1-0"]
[WhiteElo "2244"]
[BlackElo "2085"]

1.e4 c5 2.Nf3 Nc6 3.Bb5 g6 4.O-O Bg7 5.c3 e5 6.d4 exd4 7.cxd4 Nxd4 8.Nxd4 cxd4
9.Bf4 Ne7 10.Na3 O-O 11.Bd6 a6 12.Bd3 Re8 13.e5 Nc6 14.f4 Bf8 15.Bxf8 Rxf8
16.Nc4 d5 17.Nd6 Qe7 18.Qb3 Be6 19.Rae1 Na5 20.Qa3 Qc7 21.f5 Bd7 22.e6 fxe6
23.fxg6 h5 24.Ne4 dxe4 25.Qe7  1-0

[Event "ch-ESP University 2013"]
[Site "Badajoz ESP"]
[Date "2013.04.18"]
[Round "6.3"]
[White "Antoli Royo,J"]
[Black "De Nacimiento Montano,Ang"]
[Result "1-0"]
[WhiteElo "2414"]
[BlackElo "2193"]

1.e4 c5 2.Nf3 Nc6 3.Bb5 g6 4.O-O Bg7 5.Re1 a6 6.Bxc6 dxc6 7.d3 Qc7 8.h3 Nf6
9.Be3 Nd7 10.Nc3 e5 11.Qd2 h6 12.a3 a5 13.Na4 b6 14.b4 axb4 15.axb4 cxb4
16.Qxb4 c5 17.Qd2 Bb7 18.Nc3 Rxa1 19.Rxa1 Bc6 20.Qc1 h5 21.Nh4 O-O 22.Bh6 Qd8
23.Nf3 Qc7 24.Ne2 c4 25.Ng3 Nc5 26.Bxg7 Kxg7 27.Qg5 cxd3 28.cxd3 Nxd3 29.Nxh5+ Kh7
30.Nf6+ Kg7 31.Rd1 Nf4 32.Nh4 Rh8 33.Nf5+ Kf8 34.Nd7+ Bxd7 35.Qe7+ Kg8 36.Rxd7 Qc4
37.Rd8+ Kh7 38.Rxh8+  1-0

[Event "ch-ESP University 2013"]
[Site "Badajoz ESP"]
[Date "2013.04.19"]
[Round "9.2"]
[White "Antoli Royo,J"]
[Black "Sanchez Saez,F"]
[Result "0-1"]
[WhiteElo "2414"]
[BlackElo "2273"]

1.e4 c5 2.Nf3 Nc6 3.Bb5 g6 4.O-O Bg7 5.Re1 Nf6 6.d4 cxd4 7.e5 Nd5 8.Bxc6 dxc6
9.Qxd4 Bf5 10.Na3 Qc8 11.h3 Nc7 12.Qh4 h6 13.Nd4 g5 14.Qg3 c5 15.Nxf5 Qxf5
16.Qb3 O-O 17.Qxb7 Bxe5 18.c3 Nd5 19.Nc4 Bf6 20.Be3 Rfb8 21.Qa6 Nb6 22.Nd2 Nd7
23.Nc4 Nb6 24.Nd2 Nd7 25.Qa3 Ne5 26.Re2 Rc8 27.Kf1 g4 28.hxg4 Nxg4 29.Qa4  0-1

[Event "13th BCC Open 2013"]
[Site "Pattaya THA"]
[Date "2013.04.19"]
[Round "7.10"]
[White "Lu Shanglei"]
[Black "Illingworth,M"]
[Result "1-0"]
[WhiteElo "2562"]
[BlackElo "2423"]

1.e4 c5 2.Nf3 Nc6 3.Bb5 e6 4.O-O Nge7 5.Re1 Nd4 6.Nxd4 cxd4 7.c3 a6 8.Qa4 Qb6
9.Bf1 Nc6 10.d3 g6 11.Nd2 Qa7 12.Nf3 b5 13.Qc2 Bb7 14.a4 Qc5 15.axb5 axb5
16.Rxa8+ Bxa8 17.Re2 Bg7 18.cxd4 Qxc2 19.Rxc2 O-O 20.Be3 f5 21.Rc5 b4 22.d5 exd5
23.exd5 f4 24.Bd2 Ne5 25.Bxb4 Rb8 26.Bc3 d6 27.Ra5 Ng4 28.Ng5 Nf6 29.Ra7 Bh8
30.Nf7 Bg7 31.Nxd6 Bxd5 32.Ne4 Rf8 33.Rxg7+ Kxg7 34.Nxf6 Rxf6 35.Be2 Kf7
36.Bxf6 Kxf6 37.b4 Ke5 38.Bf3 Kd4 39.Bxd5 Kxd5 40.h4  1-0

[Event "TCh-NED Meesterklasse 2012-13"]
[Site "Netherland NED"]
[Date "2013.04.20"]
[Round "9.7"]
[White "Van Beek,Al"]
[Black "Duijn,Ri"]
[Result "1-0"]
[WhiteElo "2324"]
[BlackElo "2238"]

1.e4 c5 2.Nf3 Nc6 3.Bb5 e6 4.Bxc6 bxc6 5.b3 d6 6.e5 dxe5 7.Nxe5 Qd4 8.Bb2 Qe4+
9.Kf1 Nf6 10.d3 Qd5 11.Nd2 Ba6 12.Ndc4 Rc8 13.Ne3 Qd8 14.Qf3 Qc7 15.Re1 Be7
16.N5g4 Qd8 17.Nf5 exf5 18.Nxf6+ Kf8 19.Nh5 Rg8 20.Qe3 Rc7 21.Be5 Rb7 22.h4 Qd7
23.Rh3 f6 24.Bc3 Rb8 25.Rg3 Bd6 26.Nf4 Kf7 27.Qf3 g6 28.h5 g5 29.Ne6 Rbe8
30.Qxf5 Rxe6 31.Rge3 Bc8 32.Rxe6 Qxe6 33.Rxe6 Bxe6 34.Qxf6+  1-0

[Event "7th Agzamov Memorial"]
[Site "Tashkent UZB"]
[Date "2013.04.20"]
[Round "7"]
[White "Aliyev,Kosim"]
[Black "Faizulaev,A"]
[Result "1/2-1/2"]
[WhiteElo "2085"]
[BlackElo "2338"]

1.e4 c5 2.Nf3 Nc6 3.Bb5 d6 4.O-O Bd7 5.Re1 Nf6 6.c3 a6 7.Bf1 Bg4 8.d3 e6
9.Nbd2 Be7 10.h3 Bh5 11.g4 Bg6 12.Nh4 Nd7 13.Nxg6 hxg6 14.f4 Bh4 15.Re2 g5
16.Nf3 gxf4 17.Nxh4 Qxh4 18.Bxf4 e5 19.Bh2 Nf8 20.Rf2 Ne6 21.Qb3 Qe7 22.Re1 Ng5
23.Re3 O-O-O 24.Bg3 Rxh3 25.Bxh3 Nxh3+ 26.Kg2 Nxf2 27.Bxf2 Rh8 28.Rh3 Rxh3
29.Kxh3 Qf6 30.Kg2 Ne7 31.Be3 Ng6 32.Qa4 Qe6 33.Kg3 Qe7 34.Kf3 Qf6+ 35.Kg2 Nh4+
36.Kg3 Nf3 37.Qc2 Ng5 38.Bxg5 Qxg5 39.Qf2 f6  1/2-1/2

[Event "ch-LTU 2013"]
[Site "Vilnius LTU"]
[Date "2013.04.20"]
[Round "6.5"]
[White "Tvarijonas,T"]
[Black "Stremavicius,T"]
[Result "1/2-1/2"]
[WhiteElo "2104"]
[BlackElo "2202"]

1.e4 c5 2.Nf3 Nc6 3.Bb5 d6 4.O-O Bd7 5.Re1 a6 6.Bf1 Bg4 7.h3 Bxf3 8.Qxf3 g6
9.c3 Bg7 10.Qd1 e5 11.Na3 Nge7 12.Nc2 O-O 13.b3 d5 14.exd5 Qxd5 15.Ba3 b5
16.c4 bxc4 17.Ne3 Qd4 18.Nxc4 f6 19.Rc1 Nb4 20.Nb6 Rad8 21.Rc4 Qxd2 22.Qxd2 Rxd2
23.Rxc5 Nbc6 24.Bc4+ Kh8 25.Nd5 Rxa2 26.Rxc6 Nxc6 27.Bxf8 Bxf8 28.Nxf6 Bc5
29.Re2 Rxe2 30.Bxe2 a5 31.Ne4 Be7 32.Bc4 Kg7 33.g3  1/2-1/2

[Event "TCh-CZE Div1 Vychod 2012-13"]
[Site "Czech Republic CZE"]
[Date "2013.04.21"]
[Round "11.6"]
[White "Belohlavek,P"]
[Black "Mrazek,L"]
[Result "0-1"]
[WhiteElo "2155"]
[BlackElo "2201"]

1.e4 c5 2.Nf3 Nc6 3.Bb5 Nd4 4.Bc4 g6 5.O-O Bg7 6.Nc3 d6 7.Nxd4 cxd4 8.Ne2 Nf6
9.d3 Qb6 10.h3 O-O 11.Bb3 a5 12.a4 Bd7 13.Bg5 h6 14.Bd2 Bc6 15.c3 dxc3 16.bxc3 Qa6
17.Qc2 Bxe4 18.dxe4 Qxe2 19.Rae1 Qh5 20.f4 e6 21.Qd3 Rac8 22.Be3 d5 23.exd5 Nxd5
24.Bxd5 Qxd5 25.Qxd5 exd5 26.Rb1 Bxc3 27.f5 g5 28.Rfd1 Rfe8 29.Bf2 Bb4 30.Rxd5 Rc2
31.Rf1 Ree2 32.Rd8+ Kh7 33.Rd5 Bd2 34.Rd3 Bf4 35.g4 Bb8 36.Kg2 Ba7 37.Rf3 Kg7
38.Kg3 Bxf2+ 39.R1xf2 Rxf2 40.Rxf2 Rxf2 41.Kxf2 Kf6  0-1

[Event "48th Capablanca Open II 2013"]
[Site "Havana CUB"]
[Date "2013.04.21"]
[Round "1.50"]
[White "Campos Jimenez,Augusto Cesar"]
[Black "Matute Loja,B"]
[Result "1-0"]
[WhiteElo "2203"]
[BlackElo "1929"]

1.e4 c5 2.Nf3 Nc6 3.Bb5 a6 4.Bxc6 bxc6 5.d3 d5 6.e5 e6 7.O-O Ne7 8.Nc3 g6
9.Bg5 Bg7 10.Na4 Qa5 11.c4 Nf5 12.b3 Nd4 13.Re1 Ra7 14.Rc1 O-O 15.Bf6 Rc7
16.Nxd4 cxd4 17.c5 Bh6 18.Rc2 Qb4 19.Rf1 a5 20.Qg4 Ba6 21.Qh4 Bg7 22.Nb2 Rb8
23.f4 Bf8 24.Rf3 Rb5 25.Na4 Rb8 26.g4 h6 27.Rh3 Rcb7 28.Qxh6 Qe1+ 29.Kg2 Bxh6
30.Rxh6  1-0

[Event "48th Capablanca Open II 2013"]
[Site "Havana CUB"]
[Date "2013.04.22"]
[Round "2.6"]
[White "Martinez Ival,C"]
[Black "Martinez Ramirez,L"]
[Result "0-1"]
[WhiteElo "2129"]
[BlackElo "2251"]

1.e4 c5 2.Nf3 Nc6 3.Bb5 g6 4.Bxc6 bxc6 5.O-O Bg7 6.Re1 Nf6 7.Nc3 O-O 8.d3 d6
9.e5 Nd5 10.Ne4 f5 11.Ng3 f4 12.Ne4 Bg4 13.c4 Nb4 14.a3 Bxf3 15.gxf3 Na6
16.Qa4 Nb8 17.Bd2 Bxe5 18.Nxc5 Rf5 19.d4 Rg5+ 20.Kf1 Qc8 21.Ne4 Rh5 22.dxe5 d5
23.cxd5 cxd5 24.Rac1 Qh3+ 25.Ke2 Nd7 26.Qb3 Rxe5 27.Rc3 Rb8 28.Qa2 Kg7 29.Bxf4 dxe4
30.Bxe5+ Nxe5 31.fxe4 Qg4+ 32.Kf1 Nf3 33.Rxf3 Qxf3 34.Qc4 Qh1+ 35.Ke2 Rxb2+
36.Kd1 Qf3+  0-1

[Event "Zonal 2.5 2013"]
[Site "Montevideo URU"]
[Date "2013.04.22"]
[Round "6.6"]
[White "Muniz,R"]
[Black "Larrea,M"]
[Result "0-1"]
[WhiteElo "2279"]
[BlackElo "2308"]

1.e4 c5 2.Nf3 Nc6 3.Bb5 g6 4.Bxc6 dxc6 5.h3 Bg7 6.d3 Nf6 7.Nc3 O-O 8.Be3 b6
9.Qd2 e5 10.Bh6 Qd6 11.g4 a5 12.O-O-O a4 13.Kb1 b5 14.Bxg7 Kxg7 15.Qg5 Re8
16.Qh4 a3 17.b3 c4 18.Qg5 Qb4 19.Qd2 Be6 20.d4 cxb3 21.cxb3 Bxb3 22.axb3 Qxb3+
23.Ka1 b4 24.dxe5 Nd7 25.e6 bxc3 26.Qd4+ Nf6  0-1

[Event "Zonal 2.5 2013"]
[Site "Montevideo URU"]
[Date "2013.04.24"]
[Round "8.7"]
[White "Arcos Facio,M"]
[Black "Larrea,M"]
[Result "1/2-1/2"]
[WhiteElo "2185"]
[BlackElo "2308"]

1.e4 c5 2.Nf3 Nc6 3.Bb5 g6 4.Bxc6 dxc6 5.h3 Bg7 6.d3 Nf6 7.Nc3 O-O 8.Be3 b6
9.Qd2 e5 10.Bh6 Qd6 11.O-O-O a5 12.Nh2 a4 13.Ng4 Bxg4 14.hxg4 Nxg4 15.Bxg7 Kxg7
16.Qg5 Qe6 17.f3 Nf6 18.f4 Ng8 19.Ne2 h6 20.Qg3 exf4 21.Nxf4 Qxa2 22.e5 Rfe8
23.e6 a3 24.b3 c4 25.bxc4 Qb2+ 26.Kd2 a2 27.Ra1 Ra3 28.Rhf1 Qc3+ 29.Ke3 Nf6
30.Nh5+ Nxh5 31.Rxf7+ Kh8 32.Qxg6 Qe5+ 33.Kf2 Qg3+ 34.Qxg3 Nxg3 35.Kxg3 Rxe6
36.Rb7 c5 37.Kf3 Rf6+ 38.Ke3 Ra8 39.Kd2 Ra3 40.Kc1 Ra6 41.Kb2 Rf2 42.g4 Rg2
43.Rxa2 Rxa2+ 44.Kxa2 Rxg4 45.Rxb6 Kg7 46.c3 h5 47.Rc6 Rg5 48.Rc7+ Kg6 49.Rc6+ Kf5
50.Rxc5+ Kg4 51.Rc6 Kf5 52.Rc5+ Kg4 53.Rb5 h4 54.c5 h3 55.d4 Rg8 56.Rb7 Rh8
57.Rg7+ Kf3 58.Rg1 h2 59.Rh1 Ke4 60.c6 Kd5 61.c7 Kd6 62.c8=Q Rxc8  1/2-1/2

[Event "Zonal 2.5 2013"]
[Site "Montevideo URU"]
[Date "2013.04.24"]
[Round "8.14"]
[White "Muniz,R"]
[Black "Bustelo,T"]
[Result "1-0"]
[WhiteElo "2279"]
[BlackElo "2079"]

1.e4 c5 2.Nf3 Nc6 3.Bb5 Nd4 4.Bc4 e6 5.Nc3 a6 6.a4 Ne7 7.Nxd4 cxd4 8.Ne2 Nc6
9.d3 Bc5 10.O-O O-O 11.Bb3 b6 12.f4 Na5 13.Ba2 Bb7 14.Ng3 Qh4 15.Kh1 Rac8
16.c3 dxc3 17.bxc3 d5 18.exd5 exd5 19.d4 Bd6 20.Qf3 Rfd8 21.Rb1 Bc7 22.Ba3 Qf6
23.Rbe1 Bd6 24.Nh5 Qh6 25.Bxd6 Qxd6 26.f5 Re8 27.Qg4 Qh6 28.f6 g6 29.Ng7 Rxe1
30.Rxe1 Rd8 31.Qd7 Rf8 32.Qe7 Bc6 33.Bxd5 Bxa4 34.h3 Qh4 35.Re5 Qg3 36.Re3 Qb8
37.c4 Bc6 38.Re5 Bxd5 39.cxd5 Nc4 40.Ne6 Nxe5 41.Nxf8 Qxf8 42.dxe5 Qc8 43.Kh2  1-0

[Event "ch-CHN w 2013"]
[Site "Xinghua CHN"]
[Date "2013.04.25"]
[Round "9.1"]
[White "Ni,Shiqun"]
[Black "Kuang Yinghui"]
[Result "1/2-1/2"]
[WhiteElo "2213"]
[BlackElo "2212"]

1.e4 c5 2.Nf3 Nc6 3.Bb5 e6 4.Bxc6 bxc6 5.d3 Ne7 6.Qe2 Ng6 7.e5 Be7 8.O-O f6
9.Nc3 O-O 10.exf6 Bxf6 11.Ne4 Be7 12.Bg5 e5 13.Qe3 d6 14.Bxe7 Qxe7 15.Qg5 Qe6
16.Rfe1 h6 17.Qg3 Nf4 18.Nfd2 Qe7 19.b3 Bd7 20.Qe3 Nd5 21.Qg3 Nf4 22.Qe3 Nd5
23.Qe2 Nf4 24.Qe3 Nd5 25.Qe2 Nf4 26.Qe3 Nd5 27.Qg3 Nf4 28.a4 Kh7 29.Qe3 Nd5
30.Qe2 Nf4 31.Qe3 Nd5 32.Qe2 Nf4 33.Qe3 Nd5  1/2-1/2

[Event "TCh-CZE Extraliga 2012-13"]
[Site "Czech Republic CZE"]
[Date "2013.04.26"]
[Round "9.3"]
[White "Rasik,V"]
[Black "Klima,L"]
[Result "1/2-1/2"]
[WhiteElo "2516"]
[BlackElo "2340"]

1.e4 c5 2.Nf3 Nc6 3.Bb5 g6 4.Bxc6 bxc6 5.O-O Bg7 6.Re1 Nh6 7.c3 d6 8.d4 cxd4
9.cxd4 f6 10.Nc3 Nf7 11.Be3 O-O 12.h3 Bd7 13.Qd2 Qa5 14.Rac1 Qh5 15.Ne2 g5
16.Ng3 Qg6 17.d5 Rfc8 18.Rc2 h5 19.dxc6 Rxc6 20.Nd4 Rxc2 21.Qxc2 Ne5 22.Qb3+ Kh8
23.Ngf5 Bf8 24.Rc1 Qe8 25.Rc7 e6 26.Ng3 a5 27.Qd1 h4 28.Qh5+ Qxh5 29.Nxh5 Kg8
30.Ng3 Re8 31.Nh5 Kf7 32.f4 gxf4 33.Nxf4 Re7 34.Nfe2 Be8 35.Rc8 a4 36.Nc3 Nd3
37.Rb8 Nc5 38.Nf3 Rc7 39.Nxh4 Nd3 40.Bb6 Rc4 41.Rb7+ Kg8 42.Rb8 Kf7 43.Rb7+ Kg8
44.Rb8 Kf7  1/2-1/2

[Event "Maharashtra Chess League 2013"]
[Site "Pune IND"]
[Date "2013.04.26"]
[Round "4"]
[White "Akshayraj,K"]
[Black "Kiran,M"]
[Result "1/2-1/2"]
[WhiteElo "2512"]
[BlackElo "2195"]

1.e4 c5 2.Nf3 Nc6 3.Bb5 e6 4.O-O Nge7 5.Re1 a6 6.Bf1 d5 7.Nc3 d4 8.Ne2 Ng6
9.d3 Be7 10.g3 e5 11.Bg2 h5 12.h4 Nf8 13.c3 Nh7 14.b4 b6 15.bxc5 bxc5 16.Qc2 Bd7
17.Rf1 Nf6 18.Ng5 Rc8 19.Bd2 O-O 20.Rab1 dxc3 21.Nxc3 Nb4 22.Qb3 Bg4 23.Nd5 Nfxd5
24.exd5 Be2 25.Rfe1 Bxd3 26.a3 c4 27.Qd1 Bxb1 28.Bxb4 Bg6 29.d6 Bxg5 30.hxg5 c3
31.Rxe5 c2 32.Qc1 Rc4 33.Bf3 Rxb4 34.axb4 Qxd6 35.Rc5 Rd8 36.Rxc2 Bxc2 37.Qxc2 h4
38.gxh4 Qxb4 39.g6 Qxh4 40.gxf7+ Kf8 41.Be2 Qg5+ 42.Kf1 Qd5 43.Qh7 Qxf7 44.Bxa6 Rd6
45.Be2 Rf6 46.Qh8+ Ke7 47.Qh4 Qb3 48.Qe4+ Qe6 49.Qxe6+ Kxe6 50.Kg2 Ke5 51.Bf3 Kf4
52.Bd5 Rd6 53.Bb7 Rd2 54.Bc6 g5 55.Kf1 Rc2 56.Bb7 Kg4 57.Kg2 Kh4 58.Be4 Rb2
59.Bf5 g4 60.Kf1 Kg5 61.Bd7 Kf4 62.Bc6 Rc2 63.Bb7 Rc1+ 64.Ke2 Rb1 65.Bc6 Rb2+
66.Kf1 Kg5 67.Bd5 Kh4 68.Bc6 Rb1+ 69.Kg2 Rb2 70.Kf1 Rd2 71.Bb7 Kh3 72.Bc8 Rd4
73.f3 Rf4 74.Bxg4+ Rxg4 75.fxg4 Kxg4  1/2-1/2